00730ntaaa2200193 45000030003000000050017000030080021000200200015000410400037000560820015000931000030001082450078001382500010002162600035002263000022002615000195002836500022004787000036005000120251027200944.00714s1973 ag 01  a9509074829 aAR-BaBNbspacAR-BaBNeaacrdRIC a267.9 D18g aD'Ambrosio, Juan César  aGrupos de vida / cJuan César D'Ambrosio, Carmen Graciela de D'Ambrosio a1 ed. aBuenos Aires. : bABAP, c1990 a95 p. ; c20,5 cm aFundamento y descripcion de un estilo de trabajo evangelistico-pastoral a traves de los hogares. Contiene un apendice con veitiseis estudios biblicos inductivos sobre la epistola de Santiago aGrupos familiares aD'Ambrosio, Carmen Graciela de